00339 2200133 4500001002100000005001500021035002000036245004800056100002100104260003600125082000800161084001400169990002200183INLIS00000000000246920250604105616 a0010-06250000551 aSengsara Membawa Nikmat /cTulis Sutan Sati0 aTulis Sutan Sati aJakarta :bBalai Pustaka,c2000 a800 a800 TUL s a000103 s/d 000105